000 00769nam a2200217 a 4500
001 000006282
005 20200929153917.0
008 090827s1997 dr a 000 0 spa d
040 _aDO-SdBNP
_bspa
_cBNPHU
082 _a371.2
_bE74s
100 1 _aEscala, Miguel J.
_917400
245 1 0 _aSupervisando escuelas para el desarrollo /
_cMiguel J. Escala.
260 _aSanto Domingo :
_bServicios Escala de Educación y Desarrollo Humano,
_c1997.
300 _avii, 147p. :
_bil. ;
_c22 cm.
500 _aIncluye datos biográficos del autor en la contrasolapa.
504 _aBibliografía: p. 145-146.
590 _aInventariado,2018/DG
650 4 _aAdministración escolar
_917493
650 4 _aInspección escolar
_917547
910 _aValidado. Control de calidad EMS
999 _c6077
_d6077